|
|
|
|
| LEADER |
00000nam0a2200000 4500 |
| 001 |
90093 |
| 005 |
20231031103331.0 |
| 035 |
|
|
|a (RuTPU)RU\TPU\book\96629
|
| 090 |
|
|
|a 90093
|
| 100 |
|
|
|a 20060206d1965 km y0rusy50 ca
|
| 101 |
1 |
|
|a rus
|c eng
|
| 102 |
|
|
|a RU
|
| 105 |
|
|
|a a z 001zy
|
| 200 |
1 |
|
|a Парамагнитный резонанс
|f Дж. Пейк
|g под ред. Г. В. Скроцкого; пер. Т. Г. Изюмова
|
| 210 |
|
|
|a Москва
|c Мир
|d 1965
|
| 215 |
|
|
|a 280 с.
|c ил.
|
| 320 |
|
|
|a Библиогр.: с. 231-240.
|
| 320 |
|
|
|a Библиогр.: с. 273-278.
|
| 610 |
1 |
|
|a электронный парамагнитный резонанс
|
| 610 |
1 |
|
|a кристаллическое поле
|
| 610 |
1 |
|
|a жидкости
|
| 610 |
1 |
|
|a спин-решеточная релаксация
|
| 610 |
1 |
|
|a спин
|
| 675 |
|
|
|a 539.152.17.013
|v 3
|
| 700 |
|
1 |
|a Пейк
|b Дж.
|
| 702 |
|
1 |
|a Скроцкий
|b Г. В.
|4 340
|
| 702 |
|
1 |
|a Изюмова
|b Т. Г.
|4 730
|
| 801 |
|
1 |
|a RU
|b 63413507
|c 20060206
|g PSBO
|
| 801 |
|
2 |
|a RU
|b 63413507
|c 20210128
|g PSBO
|
| 942 |
|
|
|c BK
|